[Event "World op"]
[Site "Philadelphia USA"]
[Date "1989.07.03"]
[Round "8"]
[White "Gurevich, Ilya"]
[Black "Lesiege, Alexandre"]
[Result "1/2-1/2"]
[Annotator "Brodie,Hugh"]
[WhiteElo "2385"]
[BlackElo "2235"]
[WhiteFideId "-1"]
[WhiteFideId "-1"]
[PlyCount "91"]
[GameId "2129405204259188"]
[EventDate "1989.06.30"]
[EventType "swiss"]
[EventRounds "10"]
[EventCountry "USA"]
[SourceTitle "FQE 08"]

1. e4 e5 2. Nf3 Nc6 3. Bb5 a6 4. Ba4 Nf6 5. O-O Be7 6. Re1 b5 7. Bb3 d6 8. c3 O-O 9. h3 Na5 10. Bc2 c5 11. d4 Qc7 12. Nbd2 cxd4 13. cxd4 Nc6 14. Nb3 a5 15. Be3 a4 16. Nbd2 Bd7 17. Rc1 Rfc8 18. a3 Qb7 19. Qe2 Bd8 20. Bd3 Rab8 21. dxe5 dxe5 22. Rc5 Bb6 23. Rxb5 Nd4 24. Bxd4 Bxb5 25. Bxb5 Bxd4 26. Nxd4 exd4 27. Ba6 Qxb2 28. Bxc8 Rxc8 29. e5 Re8 30. Qd1 Nd7 31. Nf3 Qxa3 32. Qxd4 Nf8 33. Ra1 Qe7 34. Rxa4 h6 35. Qe3 Ng6 36. Ra5 Qb4 37. Rd5 Qb1+ 38. Kh2 Qf5 39. Qd4 Kh8 40. Qg4 Qxg4 41. hxg4 Kg8 42. g3 Kf8 43. Kg2 Re6 44. Ra5 Re8 45. Kg1 Rb8 46. Kg2 {60 moves/coups} 1/2-1/2

[Event "World op"]
[Site "Philadelphia USA"]
[Date "1989.07.04"]
[Round "10"]
[White "Lesiege, Alexandre"]
[Black "Murshed, Niaz"]
[Result "0-1"]
[Annotator "Brodie,Hugh"]
[WhiteElo "2235"]
[BlackElo "2475"]
[WhiteFideId "-1"]
[WhiteFideId "-1"]
[PlyCount "48"]
[GameId "2129405204267428"]
[EventDate "1989.06.30"]
[EventType "swiss"]
[EventRounds "10"]
[EventCountry "USA"]
[SourceTitle "FQE 08"]

1. e4 g6 2. d4 Bg7 3. Nf3 c6 4. c4 d6 5. Nc3 Nf6 6. Be2 O-O 7. O-O Qc7 8. h3 Nbd7 9. Re1 e5 10. Bf1 Re8 11. Be3 exd4 12. Bxd4 b6 13. Qc2 Bb7 14. Be3 d5 15. exd5 cxd5 16. Nb5 Qb8 17. cxd5 Nxd5 18. Bd4 Bxd4 19. Nbxd4 Qd6 20. g3 Ne5 21. Bg2 Rac8 22. Nb5 Qb8 23. Qd2 Nc4 24. Qh6 Nf6 {etc. 32 moves/coups} 0-1

[Event "Quebec-ch"]
[Site "Montreal CAN"]
[Date "1989.06.12"]
[Round "1"]
[White "Fraser, Michel"]
[Black "Lesiege, Alexandre"]
[Result "0-1"]
[WhiteElo "2102"]
[BlackElo "2317"]
[WhiteFideId "-1"]
[WhiteFideId "-1"]
[PlyCount "66"]
[GameId "2160767912519141"]
[EventDate "1989.06.12"]
[EventType "tourn"]
[EventRounds "9"]
[EventCountry "CAN"]

1. d4 Nf6 2. Nf3 g6 3. Bf4 Bg7 4. e3 O-O 5. h3 b6 6. Nbd2 Bb7 7. Bc4 c5 8. c3 Nc6 9. O-O d5 10. Bd3 Nd7 11. Qe2 Qc8 12. Bh2 e5 13. dxe5 Ndxe5 14. Nxe5 Nxe5 15. Bxe5 Bxe5 16. Nf3 Bf6 17. a4 Re8 18. a5 Bd8 19. a6 Bc6 20. Bb5 Bf6 21. Rfd1 Qd7 22. Bxc6 Qxc6 23. Rd2 Rad8 24. Qd3 Re4 25. Qc2 b5 26. Qb3 b4 27. Ra2 Kg7 28. Rd1 Rc4 29. Nd2 bxc3 30. bxc3 Rxc3 31. Qb7 Qe6 32. Qb1 Rd6 33. Nf3 Rb6 0-1

[Event "Quebec-ch"]
[Site "Montreal CAN"]
[Date "1989.06.13"]
[Round "2"]
[White "Lesiege, Alexandre"]
[Black "Berube, Richard"]
[Result "1/2-1/2"]
[WhiteElo "2317"]
[BlackElo "2142"]
[WhiteFideId "-1"]
[WhiteFideId "-1"]
[PlyCount "55"]
[GameId "2160767912519147"]
[EventDate "1989.06.12"]
[EventType "tourn"]
[EventRounds "9"]
[EventCountry "CAN"]

1. e4 c5 2. Nf3 e6 3. d4 cxd4 4. Nxd4 Nc6 5. Nc3 a6 6. Be2 Qc7 7. O-O Nf6 8. Be3 Bb4 9. Na4 b5 10. Nxc6 dxc6 11. Nb6 Rb8 12. Nxc8 Rxc8 13. Bd3 Be7 14. a4 Qb7 15. Qe2 O-O 16. Ra2 Nd7 17. f4 Bc5 18. Kh1 Bxe3 19. Qxe3 e5 20. f5 f6 21. Rfa1 Qb6 22. Qxb6 Nxb6 23. axb5 axb5 24. Ra6 Ra8 25. Kg1 Rfb8 26. Kf2 Rxa6 27. Rxa6 Rb7 28. Ke3 1/2-1/2

[Event "Quebec-ch"]
[Site "Montreal CAN"]
[Date "1989.06.14"]
[Round "3"]
[White "Spraggett, Grant"]
[Black "Lesiege, Alexandre"]
[Result "1-0"]
[WhiteElo "2290"]
[BlackElo "2317"]
[WhiteFideId "-1"]
[WhiteFideId "-1"]
[PlyCount "81"]
[GameId "2160767912519154"]
[EventDate "1989.06.12"]
[EventType "tourn"]
[EventRounds "9"]
[EventCountry "CAN"]

1. c4 d6 2. Nc3 Nf6 3. g3 g6 4. Bg2 Bg7 5. e4 O-O 6. Nge2 Nc6 7. O-O e5 8. f4 Nd7 9. f5 Nc5 10. d3 Nd4 11. Nxd4 exd4 12. Nd5 f6 13. Nf4 Qe8 14. Ne2 b5 15. b3 bxc4 16. bxc4 Bd7 17. Nxd4 Qe5 18. Be3 Rab8 19. Nb3 Nxb3 20. axb3 gxf5 21. Bxa7 Rbe8 22. d4 Qe7 23. exf5 Bh6 24. d5 Be3+ 25. Kh1 Bg5 26. Bd4 Qd8 27. Qg4 h5 28. Qxh5 Re7 29. Rae1 Rh7 30. Qf3 Kf7 31. Kg1 Rg8 32. Re2 Kf8 33. Qc3 Rf7 34. b4 Qc8 35. h4 Bh6 36. Re6 Bxe6 37. fxe6 Rh7 38. Qd3 Rhg7 39. Rxf6+ Ke8 40. Rxh6 Rxg3 41. Qxg3 1-0

[Event "Quebec-ch"]
[Site "Montreal CAN"]
[Date "1989.06.15"]
[Round "4"]
[White "Lesiege, Alexandre"]
[Black "Roy, Alain"]
[Result "1-0"]
[WhiteElo "2317"]
[BlackElo "2112"]
[WhiteFideId "-1"]
[WhiteFideId "-1"]
[PlyCount "53"]
[GameId "2160767912519157"]
[EventDate "1989.06.12"]
[EventType "tourn"]
[EventRounds "9"]
[EventCountry "CAN"]

1. e4 d6 2. d4 Nf6 3. Nc3 g6 4. Nf3 Bg7 5. h3 O-O 6. Be3 a6 7. Bd3 b5 8. a4 b4 9. Ne2 Bb7 10. Ng3 Nfd7 11. Qd2 a5 12. Bh6 e5 13. h4 Qe7 14. h5 Ba6 15. O-O-O Nc6 16. Rh3 Nxd4 17. Nxd4 exd4 18. Nf5 gxf5 19. Rg3 Qh4 20. Bxg7 Qxg3 21. fxg3 Kxg7 22. Bxa6 Rxa6 23. Qg5+ Kh8 24. h6 Rg8 25. Qxf5 d5 26. Qxd7 dxe4 27. Qxd4+ 1-0

[Event "Quebec-ch"]
[Site "Montreal CAN"]
[Date "1989.06.16"]
[Round "5"]
[White "Girard, Robin"]
[Black "Lesiege, Alexandre"]
[Result "0-1"]
[WhiteElo "2216"]
[BlackElo "2317"]
[WhiteFideId "-1"]
[WhiteFideId "-1"]
[PlyCount "78"]
[GameId "2160767912519162"]
[EventDate "1989.06.12"]
[EventType "tourn"]
[EventRounds "9"]
[EventCountry "CAN"]

1. e4 e5 2. Nf3 Nc6 3. Bb5 a6 4. Ba4 Nf6 5. O-O Be7 6. Re1 b5 7. Bb3 d6 8. c3 O-O 9. d4 Bg4 10. d5 Na5 11. Bc2 c6 12. h3 Bc8 13. dxc6 Qc7 14. Nbd2 Qxc6 15. Nf1 Nc4 16. a4 Bb7 17. Ng3 Rfe8 18. Bd3 Bf8 19. Qe2 d5 20. axb5 axb5 21. Rxa8 Bxa8 22. b3 Nd6 23. exd5 Qxd5 24. Bc2 e4 25. Nh2 Qc6 26. Bb2 Nd5 27. Nh5 Re6 28. Ng4 Nxc3 29. Qd2 b4 30. Nf4 Re8 31. Ne3 Ndb5 32. Nh5 g6 33. Ng3 f5 34. Nc4 Bc5 35. Nf1 f4 36. Na5 Qc7 37. Nc4 Rd8 38. Qc1 e3 39. fxe3 Qc6 0-1

[Event "Quebec-ch"]
[Site "Montreal CAN"]
[Date "1989.06.19"]
[Round "6"]
[White "Lesiege, Alexandre"]
[Black "Lacroix, Serge"]
[Result "1-0"]
[WhiteElo "2317"]
[BlackElo "2005"]
[WhiteFideId "-1"]
[WhiteFideId "-1"]
[PlyCount "71"]
[GameId "2160767912519167"]
[EventDate "1989.06.12"]
[EventType "tourn"]
[EventRounds "9"]
[EventCountry "CAN"]

1. e4 e5 2. Nf3 Nc6 3. Bc4 Bc5 4. c3 Nf6 5. d3 d6 6. Nbd2 a6 7. O-O b5 8. Bb3 Qe7 9. a4 Rb8 10. Re1 O-O 11. Nf1 Be6 12. Ng3 Bxb3 13. Qxb3 Qe6 14. Qd1 Qg4 15. Nf5 Kh8 16. h3 Qh5 17. d4 Nxe4 18. g4 Qxh3 19. Rxe4 f6 20. dxc5 g6 21. Ng3 dxc5 22. g5 Rbd8 23. Qe2 Rd6 24. Be3 fxg5 25. Bxc5 Rf4 26. Bxd6 cxd6 27. axb5 axb5 28. Nxg5 Qh4 29. Ne6 h5 30. Nxf4 exf4 31. Ra8+ Kh7 32. Qd2 Ne5 33. Rxe5 dxe5 34. Qd7+ Kh6 35. Nf5+ gxf5 36. Ra6+ 1-0

[Event "Quebec-ch"]
[Site "Montreal CAN"]
[Date "1989.06.20"]
[Round "7"]
[White "Levtchouk, George"]
[Black "Lesiege, Alexandre"]
[Result "0-1"]
[WhiteElo "2317"]
[BlackElo "2317"]
[WhiteFideId "-1"]
[WhiteFideId "-1"]
[PlyCount "80"]
[GameId "2160767912519173"]
[EventDate "1989.06.12"]
[EventType "tourn"]
[EventRounds "9"]
[EventCountry "CAN"]

1. d4 Nf6 2. c4 g6 3. Nc3 Bg7 4. e4 d6 5. f3 O-O 6. Be3 Nc6 7. Nge2 a6 8. Qd2 Rb8 9. h4 e5 10. d5 Na5 11. b3 c5 12. dxc6 bxc6 13. Rd1 Be6 14. Qxd6 Nd7 15. h5 Re8 16. hxg6 hxg6 17. g3 Qf6 18. Bg2 Red8 19. Qa3 Nb7 20. c5 Qe7 21. Na4 f5 22. exf5 Bxf5 23. Qc1 Nf6 24. O-O Nd5 25. Bg5 Bf6 26. Bxf6 Qxf6 27. Nec3 Kg7 28. Nxd5 cxd5 29. b4 d4 30. Nb6 d3 31. Qc3 Rd4 32. a3 Rh8 33. Qd2 Nd8 34. Rfe1 Nf7 35. Qe3 Ng5 36. Rd2 e4 37. fxe4 Bxe4 38. Rf1 Qe5 39. Qf2 Bxg2 40. Kxg2 Qe4+ 0-1

[Event "Quebec-ch"]
[Site "Montreal CAN"]
[Date "1989.06.21"]
[Round "8"]
[White "Lesiege, Alexandre"]
[Black "Leveille, Francois"]
[Result "1/2-1/2"]
[WhiteElo "2317"]
[BlackElo "2262"]
[WhiteFideId "-1"]
[WhiteFideId "-1"]
[PlyCount "120"]
[GameId "2160767912519177"]
[EventDate "1989.06.12"]
[EventType "tourn"]
[EventRounds "9"]
[EventCountry "CAN"]

1. e4 c5 2. Nf3 d6 3. d4 cxd4 4. Nxd4 Nf6 5. Nc3 a6 6. f4 Qc7 7. Bd3 e5 8. Nf3 b5 9. a4 b4 10. Ne2 Bb7 11. Ng3 Nbd7 12. O-O g6 13. a5 Bg7 14. Qe1 Rb8 15. Bd2 exf4 16. Bxf4 O-O 17. Qxb4 Bxe4 18. Qxd6 Qa7+ 19. Kh1 Bxd3 20. Qxd3 Rxb2 21. Be3 Qb7 22. Bd4 Rb5 23. Nd2 Nc5 24. Qe2 Re8 25. Qd1 Nh5 26. Nxh5 Bxd4 27. Nf6+ Bxf6 28. Rxf6 Ne4 29. Nxe4 Rxe4 30. Qd8+ Kg7 31. Raf1 Re7 32. Qd4 Kg8 33. Rd6 Rbe5 34. h3 Qb5 35. Rff6 Qxa5 36. Rxa6 Qc7 37. Rf1 Qxc2 38. Raf6 Qc7 39. Qf4 Re1 40. Qxc7 Rxf1+ 41. Rxf1 Rxc7 42. Kh2 Kg7 43. Rf2 Rc3 44. Rb2 g5 45. g4 h5 46. gxh5 Rc4 47. Kg3 f6 48. Rb7+ Kh6 49. Rf7 Rf4 50. h4 Kxh5 51. hxg5 Kxg5 52. Ra7 Rb4 53. Ra3 f5 54. Rc3 Rg4+ 55. Kf3 Rh4 56. Kg2 Rh8 57. Ra3 Kg4 58. Ra4+ f4 59. Ra7 f3+ 60. Kf2 Rh2+ 1/2-1/2

[Event "Quebec-ch"]
[Site "Montreal CAN"]
[Date "1989.06.23"]
[Round "9"]
[White "Barbeau, Sylvain"]
[Black "Lesiege, Alexandre"]
[Result "1/2-1/2"]
[WhiteElo "2367"]
[BlackElo "2317"]
[WhiteFideId "-1"]
[WhiteFideId "-1"]
[PlyCount "78"]
[GameId "2160767912519180"]
[EventDate "1989.06.12"]
[EventType "tourn"]
[EventRounds "9"]
[EventCountry "CAN"]

1. e4 e5 2. c3 d5 3. exd5 Qxd5 4. d4 Nc6 5. Nf3 Bg4 6. Be2 O-O-O 7. O-O exd4 8. Qa4 d3 9. Qxg4+ f5 10. Qa4 dxe2 11. Re1 Qd1 12. Qb5 Nf6 13. Qxe2 Qxe2 14. Rxe2 Rd1+ 15. Re1 Rxe1+ 16. Nxe1 Bc5 17. Nd2 Ne5 18. h3 Ne4 19. Nxe4 fxe4 20. Bf4 Ng6 21. Bg3 Rd8 22. Rc1 h5 23. Kf1 Ne7 24. Ke2 g5 25. Rc2 Nf5 26. Bh2 Rd5 27. Bg1 g4 28. hxg4 hxg4 29. Bh2 e3 30. Bg3 exf2 31. Bxf2 Re5+ 32. Kd1 Bd6 33. Re2 Ra5 34. a3 Ra4 35. Kc2 g3 36. Be3 Rh4 37. Kd3 Rh1 38. Ke4 Nh4 39. Nf3 Nxf3 1/2-1/2

[Event "New York op"]
[Site "New York USA"]
[Date "1989.??.??"]
[Round "1"]
[White "Lesiege, Alexandre"]
[Black "Dizdar, Goran"]
[Result "0-1"]
[WhiteElo "2235"]
[BlackElo "2505"]
[WhiteFideId "-1"]
[WhiteFideId "-1"]
[PlyCount "56"]
[GameId "2129405204377467"]
[EventDate "1989.03.23"]
[EventType "swiss"]
[EventRounds "9"]
[EventCountry "USA"]
[SourceTitle "CBM 12"]

1. e4 e6 2. d3 d5 3. Nd2 Nf6 4. Ngf3 b6 5. c3 Be7 6. exd5 Nxd5 7. d4 O-O 8. Ne4 Bb7 9. Bd3 Nd7 10. O-O c5 11. Re1 Qc7 12. Qa4 cxd4 13. cxd4 Bc6 14. Qd1 Rad8 15. Bb1 Qb7 16. Bg5 N5f6 17. Ned2 Rfe8 18. a3 Nf8 19. Bd3 Nd5 20. Bxe7 Rxe7 21. Ne5 Be8 22. Qf3 Nf6 23. Ne4 Nd5 24. Rac1 f6 25. Nc4 Qb8 26. Ne3 Nf4 27. Ba6 Bg6 28. Nc2 Bh5 0-1

[Event "New York op"]
[Site "New York USA"]
[Date "1989.??.??"]
[Round "6"]
[White "Ashley, Maurice"]
[Black "Lesiege, Alexandre"]
[Result "1-0"]
[WhiteElo "2415"]
[BlackElo "2235"]
[WhiteFideId "-1"]
[WhiteFideId "-1"]
[PlyCount "101"]
[GameId "2129405204381773"]
[EventDate "1989.03.23"]
[EventType "swiss"]
[EventRounds "9"]
[EventCountry "USA"]
[SourceTitle "CBM 12"]

1. c4 Nf6 2. Nc3 g6 3. g3 Bg7 4. Bg2 O-O 5. e4 d6 6. Nge2 Nc6 7. O-O e5 8. d3 Nd7 9. Rb1 a5 10. a3 Nc5 11. b4 axb4 12. axb4 Ne6 13. h3 f5 14. exf5 gxf5 15. f4 Ncd4 16. Kh2 Kh8 17. Bb2 Bd7 18. Ra1 Rxa1 19. Bxa1 b5 20. Nxd4 Nxd4 21. Nxb5 Nxb5 22. cxb5 Bxb5 23. Re1 Re8 24. Qc2 c6 25. Qd2 Qc7 26. Bc3 Rg8 27. Qe3 Re8 28. Qd2 Rg8 29. Qe3 Re8 30. fxe5 dxe5 31. Ra1 Qd6 32. Ra7 Qf6 33. d4 Qh6 34. Qxh6 Bxh6 35. dxe5 Bg7 36. Rb7 Kg8 37. Rb6 Bxe5 38. Bxe5 Rxe5 39. Bxc6 Bxc6 40. Rxc6 Re2+ 41. Kg1 Rb2 42. Rb6 Kg7 43. b5 Kg8 44. Rb7 Kh8 45. b6 Kg8 46. Kf1 Kh8 47. Ke1 Kg8 48. Kd1 Rb4 49. Kc2 f4 50. gxf4 Rxf4 51. Rc7 1-0

[Event "Quebec-ch U20"]
[Site "Montreal CAN"]
[Date "1989.03.02"]
[Round "1"]
[White "Duong, Thanh Nha"]
[Black "Lesiege, Alexandre"]
[Result "1/2-1/2"]
[WhiteElo "2070"]
[BlackElo "2347"]
[WhiteFideId "-1"]
[WhiteFideId "-1"]
[PlyCount "114"]
[GameId "2160767912519661"]
[EventDate "1989.03.02"]
[EventType "tourn"]
[EventRounds "7"]
[EventCountry "CAN"]
[SourceTitle "hb 2014"]

1. d4 Nf6 2. c4 e6 3. g3 Bb4+ 4. Bd2 a5 5. Bg2 O-O 6. Nf3 Nc6 7. a3 Bxd2+ 8. Nbxd2 d5 9. O-O Re8 10. Qc2 dxc4 11. Qxc4 e5 12. dxe5 Nxe5 13. Nxe5 Rxe5 14. Nf3 Be6 15. Qc2 Bf5 16. Qc3 Re8 17. Rfd1 Qe7 18. Nd4 Be4 19. f3 Bg6 20. e4 c6 21. Rd2 Qc7 22. Rad1 a4 23. Kh1 Qb6 24. Ne2 Ra5 25. Nf4 Nh5 26. Nxh5 Bxh5 27. g4 Bg6 28. Bf1 h5 29. h3 Raa8 30. Kg2 h4 31. Rd7 Rxe4 32. Bc4 Rxc4 33. Qxc4 Qxb2+ 34. R1d2 Qe5 35. Rd8+ Rxd8 36. Rxd8+ Kh7 37. Qf1 Qg3+ 38. Kh1 f5 39. Qg2 Qe1+ 40. Qg1 Qe7 41. Rd4 Qxa3 42. Qf2 Qc1+ 43. Kg2 fxg4 44. Qxh4+ Qh6 45. Qxh6+ Kxh6 46. Rxa4 gxh3+ 47. Kxh3 Bf7 48. Ra7 Be6+ 49. Kg3 b5 50. Rb7 Bd5 51. Kf4 g5+ 52. Ke3 Kg6 53. Kf2 Kf5 54. Ke2 Ke5 55. Ke3 Kf5 56. Rb8 Ke5 57. Rb7 Kf5 1/2-1/2

[Event "Quebec-ch U20"]
[Site "Montreal CAN"]
[Date "1989.03.03"]
[Round "2"]
[White "Lesiege, Alexandre"]
[Black "Tremblay, Rejean"]
[Result "1-0"]
[WhiteElo "2347"]
[BlackElo "2095"]
[WhiteFideId "-1"]
[WhiteFideId "-1"]
[PlyCount "73"]
[GameId "2160767912519668"]
[EventDate "1989.03.02"]
[EventType "tourn"]
[EventRounds "7"]
[EventCountry "CAN"]
[SourceTitle "hb 2014"]

1. e4 e5 2. Nf3 Nc6 3. Bc4 Bc5 4. c3 Nf6 5. d3 d6 6. O-O O-O 7. Nbd2 Qe7 8. Re1 Bd7 9. Bb3 a6 10. Nf1 Bb6 11. Ng3 Kh8 12. h3 Ng8 13. d4 f6 14. Be3 g6 15. a3 Qg7 16. Kh1 Rae8 17. dxe5 Bxe3 18. exf6 Nxf6 19. Rxe3 g5 20. Nd4 Nxd4 21. cxd4 Qh6 22. Kg1 g4 23. e5 gxh3 24. exf6 Rxe3 25. Qd2 Rxf6 26. Qxe3 Qxe3 27. fxe3 Rg6 28. Kh2 hxg2 29. Kxg2 h5 30. Rh1 Kg7 31. Rxh5 Be8 32. Rf5 Bc6+ 33. Kf2 Be8 34. Nh5+ Kh6 35. Nf4 Rg5 36. Rxg5 Kxg5 37. Ne6+ 1-0

[Event "Quebec-ch U20"]
[Site "Montreal CAN"]
[Date "1989.03.03"]
[Round "3"]
[White "Lavoie, Denis"]
[Black "Lesiege, Alexandre"]
[Result "0-1"]
[WhiteElo "1658"]
[BlackElo "2347"]
[WhiteFideId "-1"]
[WhiteFideId "-1"]
[PlyCount "85"]
[GameId "2160767912519670"]
[EventDate "1989.03.02"]
[EventType "tourn"]
[EventRounds "7"]
[EventCountry "CAN"]
[SourceTitle "hb 2014"]

1. d4 Nf6 2. c4 g6 3. Nc3 Bg7 4. Nf3 O-O 5. g3 d6 6. Bg2 Nbd7 7. O-O e5 8. Qc2 exd4 9. Nxd4 Nb6 10. Rd1 Nxc4 11. Ncb5 a6 12. Qxc4 axb5 13. Nxb5 Bd7 14. a4 d5 15. Qd3 c6 16. Nc3 Bf5 17. Qd2 Re8 18. e3 Nd7 19. Bf1 Ne5 20. Be2 h5 21. h4 Qc8 22. f4 Ng4 23. Bxg4 Bxg4 24. Re1 Qf5 25. Qg2 Re7 26. Bd2 Rae8 27. Rac1 Qd3 28. Kh2 Bf3 29. Qf2 d4 30. Nd1 Bd5 31. b4 Qb3 32. a5 f5 33. Kh3 Re4 34. Kh2 Kh7 35. Re2 Bf8 36. Ra1 Kg8 37. a6 bxa6 38. Re1 Bxb4 39. Bxb4 Qxb4 40. Rxa6 dxe3 41. Rxe3 Rxe3 42. Nxe3 Rxe3 43. Ra8+ 0-1

[Event "Quebec-ch U20"]
[Site "Montreal CAN"]
[Date "1989.03.04"]
[Round "4"]
[White "Lesiege, Alexandre"]
[Black "Cazelais, Marc"]
[Result "1-0"]
[WhiteElo "2347"]
[BlackElo "2003"]
[WhiteFideId "-1"]
[WhiteFideId "-1"]
[PlyCount "74"]
[GameId "2160767912519676"]
[EventDate "1989.03.02"]
[EventType "tourn"]
[EventRounds "7"]
[EventCountry "CAN"]
[SourceTitle "hb 2014"]

1. e4 d6 2. d4 Nf6 3. Nc3 g6 4. Nf3 Bg7 5. h3 O-O 6. Be3 c6 7. a4 Qc7 8. a5 Nbd7 9. Be2 e5 10. dxe5 dxe5 11. Bc4 h6 12. O-O Kh7 13. Qe2 Ng8 14. Rfd1 Bf6 15. b4 Be7 16. b5 Bb4 17. b6 axb6 18. axb6 Qb8 19. Na4 Ndf6 20. Bxf7 Rxf7 21. Qc4 Rg7 22. Qxb4 Bd7 23. Bc5 g5 24. Bd6 Qc8 25. Nxe5 Bxh3 26. gxh3 Qxh3 27. Qb3 Qh4 28. Qg3 Qxg3+ 29. fxg3 Nxe4 30. Bc7 Nxg3 31. Nxc6 Ne4 32. Nd8 Rc8 33. Nxb7 Rgxc7 34. bxc7 Rxc7 35. Nd6 Ngf6 36. Nxe4 Nxe4 37. Rd4 Ng3 1-0

[Event "Quebec-ch U20"]
[Site "Montreal CAN"]
[Date "1989.03.04"]
[Round "5"]
[White "Wenaas, Eric"]
[Black "Lesiege, Alexandre"]
[Result "0-1"]
[WhiteElo "1689"]
[BlackElo "2347"]
[WhiteFideId "-1"]
[WhiteFideId "-1"]
[PlyCount "38"]
[GameId "2160767912519680"]
[EventDate "1989.03.02"]
[EventType "tourn"]
[EventRounds "7"]
[EventCountry "CAN"]
[SourceTitle "hb 2014"]

1. d4 Nf6 2. c4 g6 3. Nc3 Bg7 4. e4 d6 5. Nf3 O-O 6. g3 Nc6 7. Bg2 Bg4 8. O-O e5 9. d5 Nd4 10. Be3 Re8 11. Re1 Qd7 12. Bxd4 exd4 13. Ne2 Nxe4 14. Nexd4 Re7 15. Qd3 Rae8 16. Re3 Nxf2 17. Rxe7 Nxd3 18. Rxd7 Bxd7 19. b3 Re4 0-1

[Event "Quebec-ch U20"]
[Site "Montreal CAN"]
[Date "1989.03.05"]
[Round "6"]
[White "Lesiege, Alexandre"]
[Black "Glass, Martin"]
[Result "1-0"]
[WhiteElo "2347"]
[BlackElo "1645"]
[WhiteFideId "-1"]
[WhiteFideId "-1"]
[PlyCount "71"]
[GameId "2160767912519682"]
[EventDate "1989.03.02"]
[EventType "tourn"]
[EventRounds "7"]
[EventCountry "CAN"]
[SourceTitle "EXT 2022"]
[Source "ChessBase"]
[SourceDate "2021.10.06"]
[SourceVersion "1"]
[SourceVersionDate "2021.10.06"]
[SourceQuality "1"]

1. e4 c6 2. d4 d5 3. Nd2 dxe4 4. Nxe4 Nd7 5. Ng5 e6 6. Bd3 Ngf6 7. N1f3 Bd6 8. Qe2 h6 9. Ne4 Nxe4 10. Qxe4 Nf6 11. Qe2 Qc7 12. Ne5 b6 13. Bd2 Bb7 14. O-O-O O-O-O 15. Rhe1 Nd5 16. Ba6 Bxa6 17. Qxa6+ Kb8 18. Qa4 Rc8 19. c4 Nf6 20. Nd3 c5 21. dxc5 Bxc5 22. Bf4 Bd6 23. Bxd6 Qxd6 24. Ne5 Qc7 25. Rd3 Ka8 26. f4 Rhd8 27. Red1 Rxd3 28. Rxd3 Kb7 29. Kb1 a6 30. Ra3 Ra8 31. Qd1 Rc8 32. b4 Ne4 33. Qd3 f5 34. c5 b5 35. c6+ Ka7 36. Rxa6+ 1-0

[Event "Quebec-ch U20"]
[Site "Montreal CAN"]
[Date "1989.03.05"]
[Round "7"]
[White "Gagnon, Serge"]
[Black "Lesiege, Alexandre"]
[Result "1/2-1/2"]
[WhiteElo "1807"]
[BlackElo "2347"]
[WhiteFideId "-1"]
[WhiteFideId "-1"]
[PlyCount "32"]
[GameId "2160767912519686"]
[EventDate "1989.03.02"]
[EventType "tourn"]
[EventRounds "7"]
[EventCountry "CAN"]
[SourceTitle "hb 2014"]

1. g3 Nf6 2. Bg2 g6 3. d3 d5 4. Nf3 Bg7 5. O-O O-O 6. c3 c6 7. Qc2 Re8 8. e4 e5 9. Nbd2 Nbd7 10. b4 b6 11. Nb3 Bb7 12. Nfd2 Rc8 13. Bb2 dxe4 14. dxe4 c5 15. b5 c4 16. Nc1 Nc5 1/2-1/2

[Event "New York op"]
[Site "New York"]
[Date "1989.??.??"]
[Round "2"]
[White "Ochoa de Echaguen, Francisco Javier"]
[Black "Lesiege, Alexandre"]
[Result "0-1"]
[WhiteElo "2435"]
[BlackElo "2235"]
[WhiteFideId "-1"]
[WhiteFideId "-1"]
[PlyCount "40"]
[GameId "1166636533149696"]
[EventDate "1989.03.??"]
[EventType "swiss"]
[EventRounds "9"]
[EventCountry "USA"]
[SourceTitle "CBM 012"]
[Source "ChessBase"]
[SourceDate "2004.01.01"]
[SourceVersion "1"]
[SourceVersionDate "2004.01.01"]
[SourceQuality "1"]

1. e4 e5 2. Nf3 Nc6 3. Bb5 a6 4. Ba4 Nf6 5. d4 exd4 6. O-O Be7 7. Re1 b5 8. Bb3 d6 9. Bd5 Nxd5 10. exd5 Ne5 11. Nxd4 O-O 12. f4 Bg4 13. Qd2 Nc4 14. Qd3 Bf6 15. Nc3 Re8 16. Rf1 c5 17. Nf3 Qd7 18. Rb1 Bf5 19. Qd1 b4 20. Ne2 Qa4 0-1

[Event "New York op"]
[Site "New York"]
[Date "1989.??.??"]
[Round "5"]
[White "Saidy, Anthony"]
[Black "Lesiege, Alexandre"]
[Result "1-0"]
[WhiteElo "2405"]
[BlackElo "2235"]
[WhiteFideId "-1"]
[WhiteFideId "-1"]
[PlyCount "177"]
[GameId "1166636533678080"]
[EventDate "1989.03.??"]
[EventType "swiss"]
[EventRounds "9"]
[EventCountry "USA"]
[SourceTitle "CBM 012"]
[Source "ChessBase"]
[SourceDate "2004.01.01"]
[SourceVersion "1"]
[SourceVersionDate "2004.01.01"]
[SourceQuality "1"]

1. d4 Nf6 2. c4 g6 3. g3 Bg7 4. Bg2 O-O 5. Nc3 d6 6. Nf3 Nbd7 7. O-O e5 8. e4 c6 9. h3 Qb6 10. Re1 exd4 11. Nxd4 Re8 12. Nb3 Ne5 13. Bf1 Be6 14. Be3 c5 15. Nd5 Bxd5 16. exd5 Ne4 17. Rb1 Qb4 18. Qe2 f5 19. Kg2 a6 20. Nd2 Qa4 21. f4 Nd7 22. Nxe4 Rxe4 23. b3 Qa5 24. Qc2 Bc3 25. Re2 Rae8 26. Bf2 Nf6 27. Rc1 Rxe2 28. Bxe2 Bd2 29. b4 Bxb4 30. Bd3 Ne4 31. Rb1 Nxf2 32. Qxf2 Qa3 33. Qc2 Qa5 34. g4 fxg4 35. Bxg6 Re7 36. Bxh7+ Kh8 37. Be4 gxh3+ 38. Kh2 Bd2 39. Rf1 Qc3 40. Qxc3+ Bxc3 41. Bf3 b5 42. Kxh3 b4 43. Kg4 a5 44. Bd1 Re4 45. Kf5 Re7 46. Rh1+ Kg8 47. Rg1+ Kf8 48. Rg6 Re1 49. Bb3 Ke7 50. Rh6 Re2 51. Rh7+ Kd8 52. Ra7 Bd2 53. Rxa5 Rf2 54. Ke6 Bxf4 55. Ra8+ Kc7 56. Ra7+ Kc8 57. Ra8+ Kb7 58. Rf8 Re2+ 59. Kd7 Be5 60. Ba4 Rg2 61. Bc6+ Kb6 62. Rb8+ Ka7 63. Rb5 Rg7+ 64. Kc8 Rg8+ 65. Kc7 Rg7+ 66. Bd7 Ka6 67. Rb6+ Ka7 68. Rb7+ Ka6 69. Rb6+ Ka7 70. Rb7+ Ka6 71. Kc6 Rg8 72. Rc7 b3 73. axb3 Rb8 74. Bc8+ Ka5 75. Ra7+ Kb4 76. Kc7 Rxc8+ 77. Kxc8 Kxb3 78. Re7 Bh2 79. Re4 Kc3 80. Kd7 Kd3 81. Rh4 Be5 82. Kc6 Kc3 83. Kb5 Kd3 84. Rh5 Kd4 85. Rxe5 Kxe5 86. Kc6 Kd4 87. Kxd6 Kxc4 88. Kc6 Kb3 89. Kxc5 1-0

[Event "New York op"]
[Site "New York"]
[Date "1989.??.??"]
[Round "9"]
[White "Lesiege, Alexandre"]
[Black "Bonin, Jay"]
[Result "1/2-1/2"]
[WhiteElo "2235"]
[BlackElo "2400"]
[WhiteFideId "-1"]
[WhiteFideId "-1"]
[PlyCount "91"]
[GameId "1166636534300672"]
[EventDate "1989.03.??"]
[EventType "swiss"]
[EventRounds "9"]
[EventCountry "USA"]
[SourceTitle "CBM 012"]
[Source "ChessBase"]
[SourceDate "2004.01.01"]
[SourceVersion "1"]
[SourceVersionDate "2004.01.01"]
[SourceQuality "1"]

1. e4 e6 2. d4 d5 3. Nd2 c5 4. exd5 exd5 5. Bb5+ Bd7 6. Bxd7+ Qxd7 7. Ngf3 Qe6+ 8. Qe2 Nc6 9. Qxe6+ fxe6 10. dxc5 Bxc5 11. O-O Nf6 12. c4 O-O 13. a3 a5 14. b3 Nd4 15. Nxd4 Bxd4 16. Ra2 a4 17. b4 dxc4 18. Nxc4 Rac8 19. Nd6 Rc6 20. Nxb7 Ne4 21. Nc5 Nxc5 22. bxc5 Rxc5 23. Bd2 Rfc8 24. Bb4 Rc2 25. Rxc2 Rxc2 26. g3 e5 27. Kh1 Bxf2 28. Rd1 e4 29. Rd7 e3 30. Re7 e2 31. Re8+ Kf7 32. Rf8+ Kg6 33. Rxf2 Rc1+ 34. Kg2 e1=Q 35. Bxe1 Rxe1 36. Rf4 Re2+ 37. Kg1 Ra2 38. Rxa4 h5 39. Ra7 h4 40. gxh4 Kh5 41. a4 Kxh4 42. a5 g5 43. a6 Kg4 44. Ra8 Ra1+ 45. Kf2 Ra2+ 46. Kg1 1/2-1/2